| 000 | 01172nam a22003017a 4500 | ||
|---|---|---|---|
| 001 | 06133 | ||
| 003 | HDC | ||
| 007 | cr bn ---aaaaa | ||
| 008 | 210123b20012001xxu||||| |||| 00| 0 eng d | ||
| 020 | _a0849308399 | ||
| 040 | _aHDC | ||
| 100 |
_aStoskopf, Michael K. _eauthor _96444 |
||
| 245 | 0 |
_aPharmaceuticals and Formularies _c/ Michael K. Stoskopf, Scott Willens, James F. McBain |
|
| 260 |
_aUnited States: _bCRC Press, _c2001 |
||
| 300 | _a1 online resource (25 pages) | ||
| 336 |
_atext _2rdacontent |
||
| 337 |
_acomputer _2rdamedia |
||
| 338 |
_aonline resource _2rdacarrier |
||
| 500 |
_aOriginally from: CRC Handbook of Marine Mammal Medicine, 2001 (pages 703-727) _aIncludes bibliographical references |
||
| 650 |
_aMarine mammals _xHealth _vHandbooks, manuals, etc _96445 |
||
| 650 |
_aPharmaceutical industry _9799 |
||
| 700 |
_aMcBain, James F. _ejoint author _96447 |
||
| 700 |
_aWillens, Scott _ejoint author _96446 |
||
| 856 | _zRequest full-text at [email protected] | ||
| 942 | _2lcc | ||
| 942 | _cCHAP | ||
| 942 | _kEBCH 004209 | ||
| 999 |
_c3457 _d3457 |
||